Managing a successful small scale business
Saved in:
| Main Author: | |
|---|---|
| Format: | Book |
| Language: | English |
| Published: |
Spectrum Books
2010
|
| Tags: |
Add Tag
No Tags, Be the first to tag this record!
|
MARC
| LEADER | 00000nam a22000007a 4500 | ||
|---|---|---|---|
| 008 | 201214b ||||| |||| 00| 0 eng d | ||
| 020 | |a 978-978-095-039-2 | ||
| 100 | |a PUNCH Nigeria Limited. | ||
| 245 | |a Managing a successful small scale business |c PUNCH Nigeria Limited |g xii, 444p.; ill. | ||
| 260 | |b Spectrum Books |c 2010 |h Ibadan |i 691929 |i 691930 |l HD2346 .P96 |m Small business | ||
| 500 | |a It includes index and reference | ||
| 942 | |a lcc |c BK |e Kuteyi, M. A. |f 14/12/2020 | ||
| 952 | |0 0 |1 0 |2 lcc |4 0 |6 HD2346 P96 |7 0 |9 426 |a HOL |b AG |d 2020-12-14 |l 0 |o HD2346 .P96 |r 2020-12-14 00:00:00 |w 2020-12-14 |y BK | ||
| 952 | |0 0 |1 0 |2 lcc |4 0 |6 HD2346 P96 |7 0 |9 427 |a HOL |b HOL |d 2020-12-14 |l 0 |o HD2346 .P96 |p 2020-2157 |r 2020-12-14 00:00:00 |w 2020-12-14 |y BK | ||
| 999 | |c 213 |d 213 | ||